Kiểm tra an ninh mạng với phần mềm Nessus.
Tìm hiểu về an ninh mạng. Các chính sách an ninh mạng. Các phương pháp phân loại lỗ hổng. Các phương thức kiểm soát lỗ hổng. Phần mềm Nessus
Gardado en:
| Autor Principal: | |
|---|---|
| Outros autores: | |
| Formato: | Libro |
| Idioma: | Vietnamese |
| Publicado: |
Đà Nẵng
Đại học Sư phạm, Đại học Đà Nẵng
2013
|
| Những chủ đề: | |
| Các nhãn: |
Engadir etiqueta
Sen Etiquetas, Sexa o primeiro en etiquetar este rexistro!
|
| Thư viện lưu trữ: | Mạng thư viện Đại học Đà Nẵng |
|---|
| LEADER | 01772nam a2200385 4500 | ||
|---|---|---|---|
| 001 | 000018410 | ||
| 003 | 14841 | ||
| 005 | 20131113151125.0 | ||
| 008 | 131031s2013 viesd | ||
| 041 | |a vie | ||
| 082 | 1 | 4 | |a 005.8 |b NG-L |
| 100 | 1 | |a Nguyễn Văn Linh | |
| 245 | 1 | |a Kiểm tra an ninh mạng với phần mềm Nessus. |c Nguyễn Văn Linh ; Ngô Đình Thưởng hướng dẫn |k Khóa luận tốt nghiệp | |
| 260 | |a Đà Nẵng |b Đại học Sư phạm, Đại học Đà Nẵng |c 2013 | ||
| 300 | |a 58 tr. |b mh. |c 29 cm. |e Bản tóm tắt | ||
| 500 | |a Khóa luận tốt nghiệp đại học. Chuyên ngành: Cử nhân Công nghệ thông tin | ||
| 504 | |a Mục lục đầu trang, tài liệu tham khảo tr. 73 - 74, phụ lục [13 tr.] | ||
| 520 | |a Tìm hiểu về an ninh mạng. Các chính sách an ninh mạng. Các phương pháp phân loại lỗ hổng. Các phương thức kiểm soát lỗ hổng. Phần mềm Nessus | ||
| 600 | 1 | 4 | |b Vua |c Đinh Tiên Hoàng |
| 650 | 0 | 4 | |a An ninh mạng |v Khóa luận tốt nghiệp |x Kiểm tra |
| 650 | 0 | 4 | |a Phần mềm Nessus |v Khóa luận tốt nghiệp |x Nghiên cứu |
| 653 | |a Khoa Tin học | ||
| 653 | |a Phần mềm Nessus | ||
| 653 | |a An ninh mạng | ||
| 700 | 1 | |a Ngô Đình Thưởng |e Hướng dẫn | |
| OWN | |a LSP | ||
| AVA | |a UDN50 |b LSP |d 005.8 NG-L |e available |t Error 5001 Not defined in file expand_doc_bib_avail. |f 1 |g 0 |h N |i 0 |k 1 | ||
| 999 | |a From the UDN01 | ||
| AVA | |a UDN50 |b LSP |d 005.8 NG-L |e available |t Error 5001 Not defined in file expand_doc_bib_avail. |f 1 |g 0 |h N |i 0 |k 1 | ||
| TYP | |a Monograph | ||
| TYP | |a Printed language | ||
| 980 | |a Mạng thư viện Đại học Đà Nẵng | ||